000
00308nam a2200133Ia 4500
008
191201s2013 xx 000 0 und d
082
_a
004.678
_b
KAI
100
_a
KAMAL,Raj
245
0
_a
Internet and Web Technologies
250
_a
Rep
260
_c
2013
_b
TMH
_a
NEW DELHI
300
_a
519
942
_2
ddc
_c
BK
999
_c
7850
_d
7850